Formas alternativas de contratación del trabajo: de los contratos de actividad a la descentralización productiva
Saved in:
| 主要作者: | |
|---|---|
| 格式: | 圖書 |
| 語言: | 西班牙语 |
| 出版: |
Pamplona
Aranzadi
2007
|
| 版: | 1a. ed |
| 叢編: | Monografías Aranzadi
|
| 主題: | |
| 標簽: |
添加標簽
沒有標簽, 成為第一個標記此記錄!
|
MARC
| LEADER | 00000nam a2200000 a 4500 | ||
|---|---|---|---|
| 001 | UCI3887 | ||
| 003 | CL-VaPUC | ||
| 008 | 071207e20070000SP |||||||||||||||||spa|d | ||
| 020 | |a 9788483551202 | ||
| 082 | 0 | 4 | |a 344.01 |b CAS |2 21 |
| 100 | 0 | |a Castro Arguelles, María Antonia |e author |9 525416 | |
| 245 | 1 | 0 | |a Formas alternativas de contratación del trabajo: de los contratos de actividad a la descentralización productiva |
| 250 | |a 1a. ed | ||
| 300 | |a 236 p | ||
| 942 | |c BK | ||
| 945 | |d 20071207 00:00:00 |a rbrito | ||
| 260 | |a Pamplona |b Aranzadi |c 2007 | ||
| 650 | 7 | |a DERECHO LABORAL |2 CL-VaPUC |9 15 | |
| 650 | 7 | |a CONTRATO DE TRABAJO |2 CL-VaPUC |9 525417 | |
| 650 | 0 | |a Trabajadores |9 260887 | |
| 650 | 0 | |a Seguridad social |9 255322 | |
| 583 | |a last modification |c 20170801 04:35:29 |k Rodrigo Vera | ||
| 490 | 0 | |a Monografías Aranzadi | |
| 999 | |c 327918 |d 327916 | ||
| 952 | |0 0 |1 0 |4 0 |6 344_010000000000000_CAS_2007 |7 0 |8 A |9 411478 |a BIBDER |b BIBDER |d 2019-11-22 |i 4394178 |o 344.01 CAS 2007 |p 4394178 |r 2023-01-25 |w 2019-11-22 |y BK |k DER | ||